书目信息 |
| 书名: | Esquire's things a man should know about sex | |
| 作者: | Ted Allen; Scott Omelianuk | |
| 分册号: | ||
| 分册名: | 出版地: | New York |
|
| 出版社: | Hearst Books | |
| 出版时间: | 2001 | |
| 页数: | 151P | |
| 开本: | 15CM | |
| 丛书名: | ||
| 中图分类号: | ||
| 科图分类号: | ||
| 其他分类号: | C912.15 | |
| 主题词: | ||
| 电子资源: | ||
| 000 | 00423nam0 2200145 450 | |
| 001 | 202012001225 | |
| 005 | 20121107164641.0 | |
| 008 | 12110601s | |
| 020 | @a9781588160294@c$10.00 | |
| 099 | @dC912.15@eT256 | |
| 245 | 10 | @aEsquire's things a man should know about sex @cTed Allen; Scott Omelianuk |
| 260 | 0 | @a New York@bHearst Books@c2001 |
| 300 | @a151P@c15CM | |
| 905 | @b10337 | |
| 905 | @aTSG@dC912.15@eT256 | |
| Esquire's things a man should know about sex / Ted Allen; Scott Omelianuk.- New York : Hearst Books , 2001 |
| 151P ; 15CM |
| ISBN 9781588160294$10.00 |
| ● |
| 相关链接 |
|
|
|
正题名:Esquire's things a man should know about
索取号:C912.15/T256
 
预约/预借
| 序号 | 登录号 | 条形码 | 馆藏地/架位号 | 状态 | 备注 |
| 1 | 10337 | 300103377 | 社科库509/509社科库 130排2列4层/ [索取号:C912.15/T256] | 在馆 |